Statistics for top

Click here to take the quiz!

General Stats

  • This quiz has been taken 6 times
  • The average score is 6 of 15

Answer Stats

HintAnswer% Correct
CanadaOttawa
100%
VenezuelaCaracas
67%
CubaHavana
67%
MexicoMexico-stad
67%
HaïtiPort-au-Prince
67%
Dominicaanse republiekSanto Domingo
67%
BonaireKralendijk
33%
NicaraguaManagua
33%
Costa RicaSan Jose
33%
VSWashington
33%
St. EustatiusOranjestad
0%
ArubaOranjestad2
0%
St. MaartenPhilipsburg
0%
SabaThe Bottom
0%
CuracaoWillemstad
0%

Score Distribution

Percentile by Number Answered

Percent of People with Each Score

Your Score History

You have not taken this quiz